| 000 | 00731cam a22002295a 4500 | ||
|---|---|---|---|
| 001 | L154158 | ||
| 008 | 111020s2010 xxk f 000 0 eng d | ||
| 020 | _a9780230221574 | ||
| 035 | _a(Sirsi) u154158 | ||
| 041 | 0 | _aeng | |
| 050 | 0 | 4 | _a526.902462 |
| 100 | 1 | _aUren, J. | |
| 245 | 0 | 0 | _aSurveying for engineers |
| 250 | _a5th ed. | ||
| 260 |
_aBasingstoke _bPalgrave Macmillan _c2010 |
||
| 520 | _aCovers traditional surveying and includes information on the latest technological advancements. Includes worked examples, making it ideal for students. | ||
| 590 | _aKA | ||
| 651 | 4 |
_aUnited Kingdom _y |
|
| 690 | _aENVIRONMENTAL AND LAND CONSULTANCY-GEOMATICS-ENGINEERING SURVEYING | ||
| 700 | 1 | _aPrice, Bill | |
| 942 | _n0 | ||
| 999 |
_c112868 _d112868 |
||